Global tourism

Αποθηκεύτηκε σε:
Λεπτομέρειες βιβλιογραφικής εγγραφής
Άλλοι συγγραφείς: Theobald, William F., 1934- (Επιμελητής έκδοσης)
Μορφή: Βιβλίο
Γλώσσα:English
Δημοσίευση: Amsterdam : Elsevier Eutterworth-Heinemann, c2004
Έκδοση:3rd ed.
Θέματα:
Ετικέτες: Προσθήκη ετικέτας
Δεν υπάρχουν, Καταχωρήστε ετικέτα πρώτοι!

MARC

LEADER 00000cam a2200000 i 4500
001 1/87705
008 051019s2004 eng d
020 |a 0-7506-7789-9 (pbk.) 
035 |l 10080889 
040 |a GR-MY-UA  |b gre  |e aacr 
041 0 |a eng 
082 0 |a 338.4971 
245 1 0 |a Global tourism /  |c edited by William F. Theobald 
250 |a 3rd ed. 
260 |a Amsterdam :   |b Elsevier Eutterworth-Heinemann,   |c c2004 
300 |a xxvi, 561 σ.;  |c 23 ek. 
504 |a Περιλαμβάνει βιβλιογραφικές αναφορές και ευρετήρια 
650 0 0 |a Tourism. 
700 1 |a Theobald, William F.,   |d 1934-  |4 edt 
852 |a INST  |b CHIOS  |e 20051019  |h 338.4791 GLO  |p 005200024686  |q 005200024686  |t BK  |y 0 
901 |a BIBL2-2005-3 
909 |a Χ  |b 102641 
970 |a ΣΑΛΑΜΟΥΡΑ  |b ΜΑΡΙΑ  |z 2005/10/19